| 000 | 01053cam a22003137a 4500 | ||
|---|---|---|---|
| 003 | CHAP | ||
| 005 | 20220329135040.0 | ||
| 008 | 971013s1977 r 00010 d | ||
| 010 | _a30124 | ||
| 011 | _a31096 | ||
| 035 | _a35208 | ||
| 040 | _cCHAP | ||
| 082 |
_a330 _bL56Y 1975 |
||
| 100 | 0 | 0 |
_aLipsey, Richard G. _967040 |
| 245 | 1 | 0 |
_aIntroducción a la economía positiva _c/por Richard G. Lipsey |
| 260 |
_aBarcelona : _bVicens, _c1977 |
||
| 300 |
_a918 p. _b: ilus. |
||
| 500 | _aTrad. de la 4 ed. en inglés de 1975 | ||
| 590 |
_aBATCH-UPD _b10 _c20130110 _lUCH01 _h1838 |
||
| 590 |
_aBATCH-UPD _b10 _c20130410 _lUCH01 _h1209 |
||
| 590 |
_aBATCH-UPD _b10 _c20130914 _lUCH01 _h1230 |
||
| 590 |
_aCONVERSION _b10 _c20130109 _lUCH01 _h1317 |
||
| 650 | 1 | 4 |
_aEconomía. _935226 |
| 901 | _aBK | ||
| 942 | _cLIBRO | ||
| 949 |
_a330 L56Y 1975 _bBC _cLIBRO _d-81337 _eLIBRO _fc.3 _h46339 _i35208 _sm |
||
| 949 |
_a330 L56Y 1975 _bBC _cLIBRO _d33724000311577 _eLIBRO _fc.2 _h46338 _i35208 _si |
||
| 949 |
_a330 L56Y 1975 _bBC _cLIBRO _d33724000311585 _eLIBRO _h46337 _i35208 _si |
||
| 999 |
_c30124 _d30124 |
||